[Event "SLO-chT Central 19th"]
[Site "Slovenia"]
[Date "2018.10.25"]
[Round "7.4"]
[White "Perovsek, Milan"]
[Black "Selih, Mario Carlos"]
[Result "1/2-1/2"]
[WhiteElo "1747"]
[BlackElo "1599"]
[PlyCount "60"]
[EventDate "2018.09.13"]
[EventType "team-tourn"]
[EventRounds "7"]
[EventCountry "SLO"]
[SourceTitle "EXT 2021"]
[Source "ChessBase"]
[SourceDate "2020.10.23"]
[SourceVersion "1"]
[SourceVersionDate "2020.10.23"]
[SourceQuality "1"]
[WhiteTeam "Visnja Gora Sticna"]
[BlackTeam "Klinicni Center"]
[WhiteTeamCountry "SLO"]
[BlackTeamCountry "SLO"]

1. e4 c5 2. Nc3 Nc6 3. Nge2 Nf6 4. d4 cxd4 5. Nxd4 d6 6. Bg5 e6 7. Qd2 a6 8. 0-0-0 h6 9. Be3 Be7 10. f3 Nxd4 11. Bxd4 b5 12. Kb1 Rb8 13. Qe3 b4 14. Na4 Qc7 15. b3 0-0 16. Bd3 e5 17. Bb2 Bd7 18. Bxa6 Ra8 19. Qe2 Bxa4 20. bxa4 Nd7 21. Qc4 Nc5 22. Bb5 Qa5 23. c3 bxc3 24. Bxc3 Qa7 25. Rc1 Nxa4 26. Qxa4 Qxa4 27. Bxa4 Rxa4 28. Rc2 f5 29. exf5 Rxf5 30. Rd1 Kf7 1/2-1/2

[Event "SLO-chT Central 18th"]
[Site "Slovenia"]
[Date "2017.10.26"]
[Round "7.3"]
[White "Perovsek, Milan"]
[Black "Skok, Boris"]
[Result "1-0"]
[WhiteElo "1752"]
[BlackElo "2022"]
[PlyCount "81"]
[EventDate "2017.09.14"]
[EventType "team-tourn"]
[EventRounds "7"]
[EventCountry "SLO"]
[SourceTitle "EXT 2019"]
[Source "ChessBase"]
[SourceDate "2018.10.10"]
[SourceVersion "1"]
[SourceVersionDate "2018.10.10"]
[SourceQuality "1"]
[WhiteTeam "Visnja Gora Sticna"]
[BlackTeam "Bor Dob"]
[WhiteTeamCountry "SLO"]
[BlackTeamCountry "SLO"]

1. e4 c5 2. Nf3 e6 3. d4 cxd4 4. Nxd4 Nc6 5. Be3 Nf6 6. f3 d5 7. Nxc6 bxc6 8. e5 Nd7 9. f4 Be7 10. Bd3 Bh4+ 11. g3 Be7 12. c3 c5 13. Nd2 Bb7 14. 0-0 g6 15. Nf3 Qc7 16. h4 a6 17. Rc1 a5 18. Qe2 Bc6 19. Rf2 Qb7 20. Kh2 a4 21. h5 Rb8 22. Nh4 c4 23. Bb1 a3 24. Rc2 Nc5 25. Rd2 Na4 26. Qg4 axb2 27. f5 Nxc3 28. fxe6 Nxb1 29. exf7+ Kd8 30. Rxb2 Qxb2 31. Rxb2 Rxb2+ 32. Kg1 Nc3 33. Qe6 Ne2+ 34. Kf1 Nxg3+ 35. Kg1 d4 36. Bf2 Ne2+ 37. Kf1 Be4 38. Qxc4 Bb7 39. Be1 Rb1 40. Kxe2 d3+ 41. Qxd3+ 1-0

[Event "Ljubljana-chT 70th"]
[Site "Ljubljana"]
[Date "2017.02.23"]
[Round "6.4"]
[White "Perovsek, Milan"]
[Black "Hribar, Andrej"]
[Result "0-1"]
[WhiteElo "1781"]
[BlackElo "1745"]
[PlyCount "134"]
[EventDate "2017.01.12"]
[EventType "team-tourn"]
[EventRounds "9"]
[EventCountry "SLO"]
[SourceTitle "EXT 2019"]
[Source "ChessBase"]
[SourceDate "2018.10.10"]
[SourceVersion "1"]
[SourceVersionDate "2018.10.10"]
[SourceQuality "1"]
[WhiteTeam "Visnja Gora Sticna"]
[BlackTeam "Klinicni Center"]
[WhiteTeamCountry "SLO"]
[BlackTeamCountry "SLO"]

1. e4 c5 2. Nf3 Nc6 3. d4 cxd4 4. Nxd4 a6 5. c4 d6 6. Be2 Nf6 7. Nc3 e6 8. 0-0 Be7 9. Nxc6 bxc6 10. Qa4 Bd7 11. Rd1 c5 12. Qc2 0-0 13. Bg5 Ne8 14. Bf4 e5 15. Be3 Bg5 16. Qd2 Bxe3 17. Qxe3 Be6 18. Rd2 Qe7 19. Bd3 Nf6 20. Rad1 Rad8 21. Be2 Rd7 22. g3 Rfd8 23. b3 Ne8 24. f4 g6 25. g4 exf4 26. Qxf4 Qf6 27. Qg3 Qe5 28. Qe3 f5 29. gxf5 gxf5 30. Bf3 Rg7+ 31. Rg2 Rxg2+ 32. Bxg2 Rd7 33. Nd5 Rg7 34. exf5 Bxd5 35. Qxe5 Rxg2+ 36. Kf1 dxe5 37. Rxd5 Rxh2 38. Rxe5 Kf7 39. Rxc5 Rxa2 40. Rc6 Ng7 41. f6 Ne8 42. Rb6 Nxf6 43. c5 h5 44. c6 Nd5 45. Rb7+ Ke6 46. Rh7 Nf6 47. Ra7 Kd6 48. Rf7 Ne8 49. Rf8 Nc7 50. Rf6+ Kc5 51. Ke1 Rb2 52. Rh6 Rxb3 53. Rxh5+ Kxc6 54. Kd2 Nd5 55. Kc2 Rb5 56. Rh4 Kc5 57. Rh8 a5 58. Rc8+ Kb4 59. Kb2 Ne3 60. Rh8 a4 61. Rh3 Nc4+ 62. Ka2 Rd5 63. Rh1 Rd2+ 64. Ka1 Rc2 65. Kb1 Kb3 66. Rh3+ Rc3 67. Rh2 Na3+ 0-1

[Event "SLO-chT3 West"]
[Site "Otocec"]
[Date "2016.11.26"]
[Round "2"]
[White "Lazarev, Vladislav1"]
[Black "Perovsek, Milan"]
[Result "0-1"]
[WhiteElo "1485"]
[BlackElo "1755"]
[PlyCount "162"]
[EventDate "2016.11.25"]
[EventType "team-tourn"]
[EventRounds "5"]
[EventCountry "SLO"]
[SourceTitle "EXT 2022"]
[Source "ChessBase"]
[SourceDate "2021.10.06"]
[SourceVersion "1"]
[SourceVersionDate "2021.10.06"]
[SourceQuality "1"]

1. c4 e5 2. g3 Bc5 3. Bg2 Ne7 4. Nf3 d6 5. Nc3 a6 6. d4 exd4 7. Nxd4 0-0 8. 0-0 Nbc6 9. Nxc6 Nxc6 10. Ne4 Ba7 11. Bg5 f6 12. Qd5+ Kh8 13. Bd2 Qe8 14. e3 Be6 15. Qd3 Ne5 16. Qc2 Nxc4 17. Bc1 d5 18. Nc3 c6 19. Ne2 Nd6 20. e4 Nxe4 21. Bxe4 dxe4 22. Be3 Bxe3 23. fxe3 Bg4 24. Nd4 f5 25. Rf2 Qe5 26. Rc1 Rae8 27. Qc5 Qxc5 28. Rxc5 g6 29. a4 Rf7 30. b4 Rfe7 31. Kg2 Re5 32. Rc3 Bd1 33. Ra2 Kg7 34. Ra1 Bh5 35. Rb1 Kf6 36. h3 g5 37. b5 axb5 38. axb5 c5 39. Nb3 b6 40. Ra1 Rd8 41. Ra6 Re6 42. Kf2 Ke5 43. Ra2 Red6 44. Rb2 Rd5 45. Ra2 Rd3 46. Rxd3 Rxd3 47. Nc1 Rc3 48. g4 fxg4 49. Ne2 Rb3 50. Ng3 Be8 51. hxg4 Bxb5 52. Nh5 Bd7 53. Ra7 Bxg4 54. Re7+ Kd6 55. Rxh7 Rb2+ 56. Kg3 Bf3 57. Rh6+ Kc7 58. Rh7+ Kc6 59. Nf6 Re2 60. Re7 Rxe3 61. Re6+ Kb7 62. Re7+ Ka6 63. Nd5 Rb3 64. Nc7+ Ka5 65. Nd5 Bd1+ 66. Kf2 Rf3+ 67. Ke1 Bb3 68. Ra7+ Kb5 69. Nc7+ Kc6 70. Ne8 g4 71. Rc7+ Kd5 72. Rd7+ Ke5 73. Re7+ Kd4 74. Nd6 e3 75. Nb5+ Kd3 76. Rd7+ Kc2 77. Na3+ Kc1 78. Rd3 Kb2 79. Nb1 Bc4 80. Nd2 Bxd3 81. Nxf3 gxf3 0-1

[Event "Ljubljana-chT 69th Superliga"]
[Site "Ljubljana"]
[Date "2016.03.10"]
[Round "6.4"]
[White "Perovsek, Milan"]
[Black "Trebusak, Anton"]
[Result "1/2-1/2"]
[WhiteElo "1750"]
[BlackElo "1946"]
[PlyCount "28"]
[EventDate "2016.01.14"]
[EventType "team-tourn"]
[EventRounds "9"]
[EventCountry "SLO"]
[SourceTitle "EXT 2022"]
[Source "ChessBase"]
[SourceDate "2021.10.06"]
[SourceVersion "1"]
[SourceVersionDate "2021.10.06"]
[SourceQuality "1"]
[WhiteTeam "Visnja Gora Sticna"]
[BlackTeam "Komenda Popotnik"]
[WhiteTeamCountry "SLO"]
[BlackTeamCountry "SLO"]

1. e4 c6 2. d4 d5 3. exd5 cxd5 4. c4 Nc6 5. Be3 Nf6 6. Nc3 e6 7. Nf3 Be7 8. a3 dxc4 9. Bxc4 0-0 10. 0-0 Nd5 11. Bc1 Bf6 12. Ne4 Be7 13. b4 a6 14. Qc2 Bd7 1/2-1/2

[Event "Ljubljana-chT 69th Superliga"]
[Site "Ljubljana"]
[Date "2016.01.21"]
[Round "2.3"]
[White "Perovsek, Milan"]
[Black "Abe, Aljaz"]
[Result "1-0"]
[WhiteElo "1750"]
[BlackElo "1746"]
[PlyCount "27"]
[EventDate "2016.01.14"]
[EventType "team-tourn"]
[EventRounds "9"]
[EventCountry "SLO"]
[SourceTitle "EXT 2022"]
[Source "ChessBase"]
[SourceDate "2021.10.06"]
[SourceVersion "1"]
[SourceVersionDate "2021.10.06"]
[SourceQuality "1"]
[WhiteTeam "Visnja Gora Sticna"]
[BlackTeam "Loka pri Mengsu"]
[WhiteTeamCountry "SLO"]
[BlackTeamCountry "SLO"]

1. e4 b6 2. Bc4 Bb7 3. d3 e6 4. Nf3 Ne7 5. 0-0 Nbc6 6. c3 Na5 7. Bb5 c5 8. Ne5 Nac6 9. f4 Qc7 10. Nd2 a6 11. Ba4 Nxe5 12. fxe5 Qxe5 13. Nc4 Qc7 14. Bf4 1-0

[Event "SLO-chT Central Superliga 16th"]
[Site "Slovenia"]
[Date "2015.09.10"]
[Round "1.3"]
[White "Perovsek, Milan"]
[Black "Cop, Jaka"]
[Result "0-1"]
[WhiteElo "1797"]
[BlackElo "1813"]
[PlyCount "62"]
[EventDate "2015.09.10"]
[EventType "team-tourn"]
[EventRounds "9"]
[EventCountry "SLO"]
[SourceTitle "EXT 2022"]
[Source "ChessBase"]
[SourceDate "2021.10.06"]
[SourceVersion "1"]
[SourceVersionDate "2021.10.06"]
[SourceQuality "1"]
[WhiteTeam "Visnja Gora Sticna"]
[BlackTeam "Ig"]
[WhiteTeamCountry "SLO"]
[BlackTeamCountry "SLO"]

1. e4 c5 2. Nf3 Nc6 3. d4 cxd4 4. Nxd4 Qb6 5. Nb3 Nf6 6. Nc3 e6 7. Be3 Qc7 8. f4 Bb4 9. Bd3 d5 10. 0-0 Bxc3 11. bxc3 dxe4 12. Bb5 0-0 13. Qe1 Nd5 14. Bc5 Rd8 15. c4 Nf6 16. g4 Nxg4 17. Qh4 Nh6 18. Bxc6 Nf5 19. Qf2 bxc6 20. Rfd1 Ba6 21. Rxd8+ Qxd8 22. Bxa7 Bxc4 23. Bb6 Qf6 24. Rd1 Qg6+ 25. Kh1 e3 26. Bxe3 Bd5+ 27. Rxd5 cxd5 28. Bc1 Rxa2 29. Qc5 h6 30. Ba3 Rxa3 31. Qxa3 Ne3 0-1

[Event "SLO-chT Central Superliga 15th"]
[Site "Slovenia"]
[Date "2014.11.13"]
[Round "9.2"]
[White "Skok, Joze"]
[Black "Perovsek, Milan"]
[Result "1/2-1/2"]
[WhiteElo "2016"]
[BlackElo "1812"]
[PlyCount "120"]
[EventDate "2014.09.11"]
[EventType "team-tourn"]
[EventRounds "9"]
[EventCountry "SLO"]
[SourceTitle "EXT 2022"]
[Source "ChessBase"]
[SourceDate "2021.10.06"]
[SourceVersion "1"]
[SourceVersionDate "2021.10.06"]
[SourceQuality "1"]
[WhiteTeam "Bor Dob"]
[BlackTeam "Visnja Gora Sticna"]
[WhiteTeamCountry "SLO"]
[BlackTeamCountry "SLO"]

1. e4 c5 2. c3 d5 3. exd5 Qxd5 4. d4 Nc6 5. Nf3 Bg4 6. Be2 0-0-0 7. Be3 cxd4 8. cxd4 Bxf3 9. Bxf3 Qb5 10. Qc2 Kb8 11. Nc3 Nb4 12. Qe2 Qxe2+ 13. Kxe2 Nc2 14. Rad1 Nxe3 15. fxe3 e6 16. a3 Bd6 17. Ne4 Ne7 18. g3 f6 19. Rhf1 h5 20. h3 Nf5 21. g4 Nh4 22. g5 f5 23. Nc5 Bxc5 24. dxc5 Kc7 25. Rxd8 Rxd8 26. Bxh5 Rd5 27. b4 b6 28. cxb6+ Kxb6 29. Bf7 Re5 30. Kf2 f4 31. exf4 Re4 32. Kg1 Re3 33. a4 Re4 34. Rb1 Rxf4 35. Bxe6 Nf3+ 36. Kg2 Nxg5 37. a5+ Kc7 38. Bg4 Rc4 39. b5 Ne4 40. b6+ axb6 41. axb6+ Kb8 42. Bf3 Rc2+ 43. Kg1 Nd2 44. Bd1 Nxb1 45. Bxc2 Na3 46. Be4 Nc4 47. b7 Nd6 48. Bd5 Nxb7 49. Kf2 Kc7 50. Kg3 Nd6 51. Kf4 Kd7 52. Kg5 Ke7 53. Kg6 Kf8 54. Bc6 Nc4 55. Kf5 Ke7 56. h4 Ne3+ 57. Kg6 Kf8 58. Be4 Nc4 59. Bd5 Nd6 60. Bc6 Nc4 1/2-1/2

[Event "SLO-chT Central Superliga 15th"]
[Site "Slovenia"]
[Date "2014.09.18"]
[Round "2.3"]
[White "Perovsek, Milan"]
[Black "Ivanusa, Blaz"]
[Result "1/2-1/2"]
[WhiteElo "1812"]
[BlackElo "2078"]
[PlyCount "114"]
[EventDate "2014.09.11"]
[EventType "team-tourn"]
[EventRounds "9"]
[EventCountry "SLO"]
[SourceTitle "EXT 2022"]
[Source "ChessBase"]
[SourceDate "2021.10.06"]
[SourceVersion "1"]
[SourceVersionDate "2021.10.06"]
[SourceQuality "1"]
[WhiteTeam "Visnja Gora Sticna"]
[BlackTeam "Klinicni Center"]
[WhiteTeamCountry "SLO"]
[BlackTeamCountry "SLO"]

1. e4 e6 2. d4 d5 3. exd5 exd5 4. Bd3 Nc6 5. c3 Bd6 6. Ne2 Qh4 7. Ng3 Nge7 8. Nd2 Bxg3 9. fxg3 Qf6 10. Nf3 Qe6+ 11. Kf2 h6 12. Bf4 g5 13. Re1 Qf6 14. Be5 Nxe5 15. dxe5 Qb6+ 16. Kf1 Be6 17. b4 a5 18. Qa4+ Bd7 19. b5 Qc5 20. Rac1 b6 21. Nd4 Ng8 22. e6 Bxe6 23. Nxe6 fxe6 24. Rxe6+ Kd7 25. Bf5 Rf8 26. g4 Kd8 27. Qd4 Qxd4 28. cxd4 Ne7 29. Re5 h5 30. Kg1 hxg4 31. Bxg4 Rf4 32. Rxg5 Rxd4 33. h3 Rg8 34. Re5 Rg7 35. Bf3 Rd2 36. a4 Ra2 37. Bxd5 Nxd5 38. Rxd5+ Kc8 39. g4 Rxa4 40. g5 Rh4 41. Rc3 a4 42. Kg2 Rh5 43. Rg3 a3 44. h4 Rxh4 45. Rxa3 Rc4 46. Kg3 Kb7 47. Rf3 c6 48. bxc6+ Kxc6 49. Re5 Rc5 50. Rff5 Kb5 51. Kg4 Rxe5 52. Rxe5+ Kc4 53. Kf5 b5 54. Kf6 Ra7 55. g6 b4 56. g7 Rxg7 57. Kxg7 b3 1/2-1/2

[Event "SLO-chT Central Superliga 15th"]
[Site "Slovenia"]
[Date "2014.09.11"]
[Round "1.3"]
[White "Cop, Jaka"]
[Black "Perovsek, Milan"]
[Result "1/2-1/2"]
[WhiteElo "1711"]
[BlackElo "1812"]
[PlyCount "56"]
[EventDate "2014.09.11"]
[EventType "team-tourn"]
[EventRounds "9"]
[EventCountry "SLO"]
[SourceTitle "EXT 2022"]
[Source "ChessBase"]
[SourceDate "2021.10.06"]
[SourceVersion "1"]
[SourceVersionDate "2021.10.06"]
[SourceQuality "1"]
[WhiteTeam "Ig"]
[BlackTeam "Visnja Gora Sticna"]
[WhiteTeamCountry "SLO"]
[BlackTeamCountry "SLO"]

1. e4 c5 2. Nc3 e6 3. g3 d5 4. d3 d4 5. Nb1 Nc6 6. Bg2 Nge7 7. f4 e5 8. f5 Qa5+ 9. Bd2 Qb6 10. Na3 Bd7 11. Nc4 Qc7 12. a4 Nc8 13. Nf3 Nb6 14. Nxb6 Qxb6 15. b4 Be7 16. 0-0 Qd8 17. g4 g5 18. Qe1 f6 19. h4 h6 20. Qg3 Bd6 21. Qh3 Ke7 22. Kf2 Bc7 23. Rad1 Ba5 24. Bc1 Nxb4 25. Ne1 Na2 26. Ba3 Bb4 27. Bb2 Bc3 28. Ba3 Bb4 1/2-1/2

[Event "Ljubljana-chT 67th Superliga"]
[Site "Ljubljana"]
[Date "2014.02.13"]
[Round "5.2"]
[White "Novakovic, Novica"]
[Black "Perovsek, Milan"]
[Result "1/2-1/2"]
[WhiteElo "1725"]
[BlackElo "1814"]
[PlyCount "39"]
[EventDate "2014.01.09"]
[EventType "team-tourn"]
[EventRounds "9"]
[EventCountry "SLO"]
[SourceTitle "EXT 2022"]
[Source "ChessBase"]
[SourceDate "2021.10.06"]
[SourceVersion "1"]
[SourceVersionDate "2021.10.06"]
[SourceQuality "1"]
[WhiteTeam "Komenda Pogi"]
[BlackTeam "Visnja Gora Sticna"]
[WhiteTeamCountry "SLO"]
[BlackTeamCountry "SLO"]

1. d4 e6 2. Nf3 Nf6 3. Bf4 b6 4. e3 Bb7 5. Nbd2 Be7 6. h3 0-0 7. Bd3 Nd5 8. Bg3 f5 9. c3 f4 10. exf4 Nxf4 11. Bxf4 Rxf4 12. Qc2 h6 13. 0-0-0 c5 14. dxc5 Bxc5 15. Ne4 Be7 16. Rhe1 Qc7 17. Bb5 Nc6 18. Kb1 Raf8 19. Re2 a6 20. Bd3 1/2-1/2

[Event "SLO-chT3 West"]
[Site "Postojna"]
[Date "2013.11.24"]
[Round "4"]
[White "Homan, Alojz"]
[Black "Perovsek, Milan"]
[Result "1-0"]
[WhiteElo "1973"]
[BlackElo "1886"]
[PlyCount "61"]
[EventDate "2013.11.22"]
[EventType "team"]
[EventRounds "5"]
[EventCountry "SLO"]
[SourceTitle "EXT 2015"]
[Source "ChessBase"]
[SourceDate "2014.11.20"]
[SourceVersion "1"]
[SourceVersionDate "2014.11.20"]
[SourceQuality "1"]

1. d4 e6 2. c4 Nf6 3. Nf3 b6 4. Nc3 Bb7 5. e3 Bb4 6. Be2 0-0 7. 0-0 Ne4 8. Qc2 f5 9. Rd1 Qf6 10. Nb5 a6 11. Nxc7 Ra7 12. Qa4 Bd6 13. Nb5 Bc6 14. d5 axb5 15. Qxa7 exd5 16. cxd5 Ba8 17. Qxa8 Nc6 18. Qb7 Ne5 19. Nxe5 Qxe5 20. f4 Qe7 21. Bxb5 Nc5 22. Qa7 g5 23. b4 Bb8 24. d6 Qg7 25. Bc4+ Kh8 26. Qa3 Ne4 27. Bb2 Nf6 28. Qc3 h6 29. Qe5 Qg6 30. Qe7 Rc8 31. Bxf6+ 1-0

[Event "SLO-chT3 West"]
[Site "Postojna"]
[Date "2013.11.23"]
[Round "2"]
[White "Godnjavec, Franci"]
[Black "Perovsek, Milan"]
[Result "1/2-1/2"]
[WhiteElo "1915"]
[BlackElo "1886"]
[PlyCount "75"]
[EventDate "2013.11.22"]
[EventType "team"]
[EventRounds "5"]
[EventCountry "SLO"]
[SourceTitle "EXT 2015"]
[Source "ChessBase"]
[SourceDate "2014.11.20"]
[SourceVersion "1"]
[SourceVersionDate "2014.11.20"]
[SourceQuality "1"]

1. d4 e6 2. c4 Nf6 3. Bg5 h6 4. Bh4 d5 5. cxd5 exd5 6. Nc3 c6 7. e3 Bf5 8. Bd3 Bxd3 9. Qxd3 Nbd7 10. Nge2 Bd6 11. Rc1 a5 12. a4 Qb8 13. Bg3 0-0 14. 0-0 Nh5 15. Bxd6 Qxd6 16. Qf5 g6 17. Qf3 f5 18. g3 Rf7 19. Nf4 Ng7 20. Nd3 Ne6 21. Qg2 Kh7 22. f4 Re7 23. Qf3 Nf6 24. Rc2 Ne4 25. Ne5 Qb4 26. Nxe4 dxe4 27. Qe2 Qxa4 28. Qc4 Qxc4 29. Nxc4 Nc7 30. Ra1 Nd5 31. Kf2 Nb4 32. Rc3 a4 33. b3 b5 34. Ne5 a3 35. Ke2 a2 36. Kd2 Ra6 37. Rc5 Re6 38. Kc3 1/2-1/2

[Event "SLO-chT3 West"]
[Site "Postojna"]
[Date "2013.11.22"]
[Round "1"]
[White "Perovsek, Milan"]
[Black "Gracner, Alojz"]
[Result "1-0"]
[WhiteElo "1886"]
[BlackElo "1850"]
[PlyCount "51"]
[EventDate "2013.11.22"]
[EventType "team"]
[EventRounds "5"]
[EventCountry "SLO"]
[SourceTitle "EXT 2015"]
[Source "ChessBase"]
[SourceDate "2014.11.20"]
[SourceVersion "1"]
[SourceVersionDate "2014.11.20"]
[SourceQuality "1"]

1. e4 c5 2. Nf3 Nc6 3. d4 cxd4 4. Nxd4 e6 5. Be2 Nf6 6. Nc3 d6 7. 0-0 Be7 8. f4 0-0 9. Be3 a6 10. a4 Qc7 11. Nb3 Rd8 12. a5 Nd7 13. Qd2 b6 14. Nd1 bxa5 15. Nxa5 Nxa5 16. Rxa5 Nc5 17. Bf3 Bb7 18. Bxc5 dxc5 19. Qc3 Qxf4 20. Bh5 Qxe4 21. Bf3 Bf6 22. Bxe4 Bxc3 23. Nxc3 Rab8 24. b3 Rd2 25. Bxb7 Rxc2 26. Rxc5 1-0

[Event "SLO-chT Central Superliga 14th"]
[Site "Slovenia"]
[Date "2013.09.26"]
[Round "2.2"]
[White "Sajn, Simon"]
[Black "Perovsek, Milan"]
[Result "1-0"]
[WhiteElo "2035"]
[BlackElo "1886"]
[PlyCount "113"]
[EventDate "2013.09.19"]
[EventType "team-tourn"]
[EventRounds "9"]
[EventCountry "SLO"]
[SourceTitle "EXT 2022"]
[Source "ChessBase"]
[SourceDate "2021.10.06"]
[SourceVersion "1"]
[SourceVersionDate "2021.10.06"]
[SourceQuality "1"]
[WhiteTeam "Srecko Kosovel"]
[BlackTeam "Visnja Gora Sticna"]
[WhiteTeamCountry "SLO"]
[BlackTeamCountry "SLO"]

1. d4 Nf6 2. c4 e6 3. Nf3 b6 4. g3 Bb7 5. Bg2 Bb4+ 6. Bd2 a5 7. 0-0 0-0 8. Nc3 Ne4 9. Qc2 f5 10. Bf4 Nxc3 11. bxc3 Be4 12. Qd2 Be7 13. Rfd1 d6 14. Ng5 Bxg5 15. Bxg5 Qe8 16. Bxe4 fxe4 17. d5 e5 18. Qc2 Qg6 19. Be3 Nd7 20. Rf1 Nf6 21. f3 Qh5 22. Kg2 exf3+ 23. exf3 Rf7 24. h3 Raf8 25. g4 Qh4 26. Qd2 h6 27. Bf2 Qg5 28. Qxg5 hxg5 29. Be3 Nh7 30. Rf2 Rf6 31. Rh1 Rh6 32. a4 Rf7 33. Kg3 Rf8 34. h4 gxh4+ 35. Rxh4 Rg6 36. Rh5 Nf6 37. Rh4 Nd7 38. Rfh2 Nc5 39. Bxc5 dxc5 40. Rh8+ Kf7 41. Rxf8+ Kxf8 42. Re2 Rh6 43. Kg2 Ke7 44. Rxe5+ Kd6 45. f4 Rh4 46. Re6+ Kd7 47. Rg6 Rh7 48. f5 Ke7 49. Kg3 Kd7 50. g5 Ke8 51. Re6+ Kd8 52. Rg6 Ke8 53. Kg4 Kf8 54. Rc6 Rh1 55. Rxc7 Rc1 56. d6 Rxc3 57. Rc8+ 1-0

[Event "Ljubljana-chT 66th Superliga"]
[Site "Ljubljana"]
[Date "2013.01.17"]
[Round "2.2"]
[White "Perovsek, Milan"]
[Black "Unuk, Laura"]
[Result "1-0"]
[WhiteElo "1893"]
[BlackElo "2008"]
[PlyCount "111"]
[EventDate "2013.01.10"]
[EventType "team-tourn"]
[EventRounds "9"]
[EventCountry "SLO"]
[SourceTitle "EXT 2022"]
[Source "ChessBase"]
[SourceDate "2021.10.06"]
[SourceVersion "1"]
[SourceVersionDate "2021.10.06"]
[SourceQuality "1"]
[WhiteTeam "Visnja Gora Sticna"]
[BlackTeam "Komenda Pogi"]
[WhiteTeamCountry "SLO"]
[BlackTeamCountry "SLO"]

1. e4 e6 2. d4 d5 3. exd5 exd5 4. c4 c6 5. Nc3 Nf6 6. cxd5 Nxd5 7. Bc4 Be7 8. Qb3 Bb4 9. Bd2 Bxc3 10. bxc3 0-0 11. Ne2 Nc7 12. 0-0 b5 13. Bd3 Be6 14. Qc2 f5 15. Nf4 Bd7 16. a4 bxa4 17. Qxa4 Kh8 18. Qb3 g5 19. Ne2 Be6 20. c4 Kg8 21. Ba5 Qc8 22. d5 Bf7 23. Nd4 Bg6 24. Bxc7 Qxc7 25. Ne6 Qf7 26. Nxf8 Kxf8 27. Qb4+ Qe7 28. d6 Qd8 29. c5 Nd7 30. Rfe1 a5 31. Qd4 Qf6 32. Qxf6+ Nxf6 33. Re7 Nd5 34. Re5 Kg7 35. Bxf5 Kf6 36. Rxd5 cxd5 37. g4 Bxf5 38. gxf5 Kxf5 39. Re1 Rd8 40. Re7 h5 41. Ra7 Ke6 42. Re7+ Kf6 43. Ra7 Ke6 44. Rxa5 Rc8 45. Kf1 Kd7 46. Ke2 Kc6 47. Kd3 Rf8 48. Ke3 Re8+ 49. Kd3 Rf8 50. Kd4 Rf4+ 51. Ke5 Rxf2 52. Ra6+ Kxc5 53. d7 Rf8 54. Rd6 Rd8 55. Ke6 d4 56. Ke7 1-0

[Event "SLO-chT 1st League Central"]
[Site "Ljubljana"]
[Date "2012.09.06"]
[Round "1.2"]
[White "Perovsek, Milan"]
[Black "Abe, Blaz"]
[Result "1-0"]
[WhiteElo "1882"]
[BlackElo "1666"]
[PlyCount "83"]
[EventDate "2012.09.06"]
[EventType "team-swiss"]
[EventRounds "9"]
[EventCountry "SLO"]
[SourceTitle "EXT 2019"]
[Source "ChessBase"]
[SourceDate "2018.10.10"]
[SourceVersion "1"]
[SourceVersionDate "2018.10.10"]
[SourceQuality "1"]
[WhiteTeam "Sticna Visnja Gora"]
[BlackTeam "Loka pri Mengsu"]
[WhiteTeamCountry "SLO"]
[BlackTeamCountry "SLO"]

1. e4 d5 2. exd5 Qxd5 3. Nc3 Qa5 4. d4 Nf6 5. Bd3 c6 6. Nge2 Bg4 7. f3 Bh5 8. Nf4 Bg6 9. Nxg6 hxg6 10. Bd2 e6 11. Qe2 Bd6 12. 0-0-0 Nd5 13. Nb5 Qd8 14. Nxd6+ Qxd6 15. Qe5 Qxe5 16. dxe5 Nd7 17. f4 Nc5 18. Be2 Ne4 19. c4 Nxd2 20. cxd5 Ne4 21. dxc6 Nf2 22. cxb7 Rb8 23. Bf3 Nxh1 24. Rxh1 Ke7 25. h3 Rhd8 26. Kc2 Rd4 27. g3 Rbd8 28. Rh2 a5 29. Rf2 Rc4+ 30. Kb3 Rb4+ 31. Kc3 Rd7 32. b3 Rc7+ 33. Kb2 f6 34. Rd2 Rb5 35. Rd6 Rd7 36. Ra6 Rd2+ 37. Ka3 fxe5 38. fxe5 Rd4 39. Ra8 Rd8 40. Ka4 Rb6 41. Kxa5 Rxb7 42. Bxb7 1-0